| 000 | 00669cam a22002411 4500 | ||
|---|---|---|---|
| 001 | sa 66001237 | ||
| 003 | DLC | ||
| 005 | 20260227112220.0 | ||
| 008 | 890914s1957 ii ac b 000 0 kano | ||
| 010 | _asa 66001237 | ||
| 035 | _a(OCoLC)20340340 | ||
| 040 |
_aDLC _cWaU _dDLC |
||
| 042 | _apremarc | ||
| 050 | 0 | 0 |
_aPL4659.P797 _bS78 |
| 100 | 0 |
_aKuvempu, _d1904-1994. |
|
| 245 | 1 | 0 | _aŚrī Kuvempu sandarśana. |
| 260 | _c[1957] | ||
| 300 |
_aviii, 172 p. _billus., ports. _c19 cm. |
||
| 500 | _aIn Kannada. | ||
| 504 | _aBibliographical footnotes. | ||
| 600 | 0 | 0 |
_aKuvempu, _d1904-1994. _tŚrī Rāmāyaṇa darśanaṃ. |
| 700 | 1 |
_aChennabasappa, Konana, _d1922- |
|
| 999 |
_c67655 _d67655 |
||